Guia de campo das aves de Portugal e da Europa (Registo nº 6060)

Detalhes MARC
000 -Etiqueta do registo
Valores 01316cam a2200253 4500
010 ## - Número ISBN
ISBN 9727590136
021 ## - Número do Depósito Legal
Número 92648/95
100 ## - Dados gerais de processamento
Dados gerais 20211231d1996 m||y0pory5003 ba
200 1# - Titulo e menção de responsabilidade
Título próprio Guia de campo das aves de Portugal e da Europa
Primeira menção de responsabilidade Jonh Gooders
Outras menções de responsabilidade il. Alan Harris, trad. Álvaro Augusto Fernandes
210 ## - Publicação
Local de publicação Lisboa
Nome do editor Temas e Debates
Data de publicação 1996
215 ## - Descrição física 
Paginação / Volumes 480 p.
Outras indicações físicas il.
304 ## - Nota relativa ao título
Texto de nota Tit. orig.: Field guide to the birds of Britain and Europe
330 ## - Sumário ou Resumo
Texto da nota O presente guia é uma das raras obras verdadeiramente dirigidas ao espaço europeu apesar de existirem vários outros «Guias das Aves da Europa». Nele encontramos realmente informação relativa à unidade europeia como seja o nível populacional de cada espécie, bem como uma descrição do seu estatuto migratório evidenciando as diferenças entre regiões ou mesmo países. Para além disso, este guia fornece-nos, num espaço necessariamente reduzido, alguns dados úteis sobre a biologia de cada uma das aves descritas.
606 ## - Nome comum usado como assunto
ID Autoridade 3829
Palavra de ordem Zoologia
675 ## - CDU
Notação 598.2(4)(076)
675 ## - CDU
Notação 598.2(469)(076)
700 ## - Autor principal (pessoa individual)
Apelido Gooders
Nome John
Datas 1937-2010
ID Autoridade 5765
702 ## - Autor secundário (pessoa individual)
Apelido Harris
Nome Alan
ID Autoridade 5766
Datas 1957-
702 ## - Autor secundário (pessoa individual)
Apelido Fernandes
Nome Álvaro Augusto
ID Autoridade 1465
801 ## - Fonte de origem
País PT
Agência BMVN
Regras de catalogação RPC
830 ## - Notas gerais do catalogador
Criado por Inês Silva
Data de criação 31/12/2021
990 ## - Elementos KOHA
Tipo de documento Livro
Exemplares
Situação do levantamento Biblioteca de origem Localização na Estante Código de barras Cota Permissão de empréstimo Tipo de documento Forma de aquisição
  Biblioteca Municipal de Vendas Novas EM DEPOSITO 100000016563 CE ZOO/GUI   Livro  

Powered by Koha